Score 0/37 Timer 04:00
0 Plays Today
Hint 4-Letter Word % Correct
Like a wolf without a packLONE
94.4%
U2's lead vocalistBONO
94.2%
FrigidCOLD
93.5%
Mutually portrayed character of Connery and CraigBOND
93%
Sloth, envy, lust, e.g.SINS
92.6%
Melodize one's voice, like a canarySING
92.6%
★ SONG: 'Getting to ___ You'' ★
or Alanis Morrisette hit: 'You Oughta ___'
★ KNOW ★
92.3%
Slow falling frozen precipitationSNOW
92.3%
★★BOOK: [rung 1] and the ___ of [rung 37]★★
or The male head of a Monarchy
★★ KING ★★
92.2%
A fine sprayMIST
91.9%
To demonstrate for othersSHOW
91.6%
Able to take risksBOLD
91.5%
Drinks daintilySIPS
91.3%
★ SONG: 'My ___ and Master' ★
or [rung 2] Domini: 'The year of our ___'
★ LORD ★
91.3%
Runny-nose runoffSNOT
90.9%
★ SONG: 'We ___ in the Shadows' ★
or A smooch on the lips
★ KISS ★
90.4%
Opening for a coinSLOT
90.4%
String or ropeCORD
90.3%
Oral storytelling traditionLORE
89.9%
Hint 4-Letter Word % Correct
Not quite allMOST
89.8%
A lay-up, hook, or jump, e.g.SHOT
89.4%
A half-hitch, granny, or bowline, e.g.KNOT
89.4%
A 4-run home run is known as a 'Grand ___'SLAM
89.3%
Err off courseMISS
88.6%
★★BOOK: ___ and the [rung 17] of [rung 37]★★
or Professional tennis player Kournikova
★★ ANNA ★★
88.4%
Flue residueSOOT
87.6%
Bottom part of a blindSLAT
86.6%
Not worth debatingMOOT
86.5%
To turn the frequency knob on a radioTUNE
83.9%
★★BOOK: [rung 1] and the [rung 17] of ___★★
or The former name of Thailand
★★ SIAM ★★
83.8%
Untanned hides of small animalsKIPS
83.6%
A crescent shapeLUNE
82%
___ Domini in the Julian calendarANNO
77.4%
Antler pointTINE
77%
CattleKINE
75%
Florence's riverARNO
52.8%
Moravian capitalBRNO
50.5%

Today's Daily Dose

You're not logged in!

Compare scores with friends on all Sporcle quizzes.
OR
Log In

Sporcle TV

Today on Sporcle TV


Watch our educational content, quiz creation guides, and fun videos on Sporcle TV.

Show Comments

Extras

Top Quizzes Today


Score Distribution

Your Account Isn't Verified!

In order to create a playlist on Sporcle, you need to verify the email address you used during registration. Go to your Sporcle Settings to finish the process.

Report this User

Report this user for behavior that violates our Community Guidelines.

Details: